[Event "Williamson"]
[Site "306"]
[Date "2022.02.05"]
[Round "3"]
[White "Robert Lavery"]
[Black "James O'Fee"]
[Result "1-0"]
[WhiteElo "1685"]
[BlackElo "1615"]
[EventDate "2022.02.05"]

1.e4 e6 2.d4 d5 3.Nc3 Bb4 4.e5 Ne7 5.a3 Bxc3+ 6.bxc3 c5 7.Qg4 Qc7 8.Qxg7 
Rg8 9.Qxh7 Nbc6 10.Ne2 cxd4 11.f4 dxc3 12.Qd3 Bd7 13.Be3 Nf5 14.Bf2 O-O-O 
15.g3 d4 16.Bg2 Na5 17.Bxd4 Bc6 18.Be4 a6 19.Rg1 Bb5 20.Qxc3 Bxe2 21.Qxc7+
Kxc7 22.Bc3 Nc4 23.Kxe2 Nd4+ 24.Bxd4 Rxd4 25.Bd3 Rgd8 26.Bxc4 Rxc4 27.Ra2 
Rc3 28.h4 Rh8 29.a4 Kc6 30.Rb2 Ra3 31.Rb4 a5 32.Rb3 Rxa4 33.Rgb1 Rb8 34.
Rb6+ Kc7 35.h5 Rc4 36.Kd3 Rc6 37.Rxc6+ Kxc6 38.g4 a4 39.h6 b5 40.Kc3 Kc5 
41.Kb2 b4 42.Rd1 Kc4 43.Rd2 a3+ 44.Ka2 Kc3 45.Re2 Kd4 46.g5 Rc8 47.f5 exf5
48.e6 fxe6 49.g6 f4 50.g7 f3 51.Rf2 Ke3 52.h7 Kxf2 53.h8=Q Rxc2+ 54.Kb3 
Rb2+ 55.Ka4 a2 56.Qh2+ 1-0

[Event "Williamson"]
[Site "308"]
[Date "2022.02.05"]
[Round "3"]
[White "Matthew Smyth"]
[Black "Liam Ferris"]
[Result "1/2-1/2"]
[WhiteElo "1400"]
[BlackElo "1433"]
[EventDate "2022.02.05"]

1.c4 c6 2.Nc3 Nf6 3.Nf3 d5 4.d4 Nbd7 5.Bf4 dxc4 6.a4 Nd5 7.Bg3 Qa5 8.Qc1 
N7f6 9.Nd2 Nxc3 10.bxc3 Nd5 11.e4 Nxc3 12.Nxc4 Qb4 13.Qd2 e6 14.Bd3 Nxe4 
15.Bxe4 Qxc4 16.Bd3 Qxd4 17.O-O Bb4 18.Qg5 Qxd3 19.Rad1 h6 20.Qxg7 Bc3 21.
Qxh8+ Bxh8 22.Rxd3 c5 23.Rfd1 Bd4 24.Bf4 e5 25.Bxe5 Bxe5 26.Re3 Be6 27.
Rxe5 Rc8 28.Rh5 Kf8 29.Rxh6 Kg7 30.Rh4 c4 31.Rhd4 a6 32.Rb1 c3 33.Kf1 Ba2 
34.Rc1 Bc4+ 35.Ke1 Re8+ 36.Kd1 Bb3+ 37.Rc2 Bxc2+ 38.Kxc2 Re2+ 39.Kxc3 Rxf2
40.Rg4+ Kh6 41.Rb4 b5 42.axb5 axb5 43.Rxb5 Rxg2 44.Rb2 Rxb2 45.Kxb2 Kg5 
46.Kc3 Kg4 47.Kd3 Kf3 48.h4 Kg4 49.Ke3 Kxh4 50.Kf4 Kh5 51.Kf5 f6 52.Kxf6 
1/2-1/2

[Event "Williamson"]
[Site "309"]
[Date "2022.02.05"]
[Round "3"]
[White "Shane Keers"]
[Black "Tiarnan O'Muilleoir"]
[Result "0-1"]
[WhiteElo "1261"]
[BlackElo "1400"]
[EventDate "2022.02.05"]

1.d4 d5 2.c4 e6 3.Nc3 Nf6 4.Bf4 c5 5.Nf3 cxd4 6.Nxd4 Bc5 7.Ndb5 Na6 8.a3 
O-O 9.b4 Bb6 10.c5 Bc7 11.Nd6 b6 12.Ncb5 bxc5 13.bxc5 Ba5+ 14.Bd2 Nxc5 15.
Rc1 Nfe4 16.Nxe4 Nxe4 17.Nc3 Nxd2 18.Qxd2 d4 19.Qc2 Bxc3+ 20.Kd1 Qa5 21.e4
Bd7 22.Bc4 Ba4 23.Bb3 Bxb3 24.Qxb3 Rab8 25.Qc4 Rfc8 26.Qd3 Qxa3 27.Ke2 
Rb2+ 28.Kf3 h5 29.g3 Qa2 30.Rhf1 Rcb8 31.Kg2 Rd2 32.Qf3 Rbb2 33.e5 Qd5 34.
Ra1 Qxf3+ 35.Kxf3 Rxf2+ 36.Rxf2 Rxf2+ 37.Kxf2 Bxa1 0-1

[Event "Williamson"]
[Site "310"]
[Date "2022.02.05"]
[Round "3"]
[White "Ethan Cole"]
[Black "Cathal Murphy"]
[Result "1/2-1/2"]
[WhiteElo "1233"]
[BlackElo "1551"]
[EventDate "2022.02.05"]

1.e4 c5 2.Nf3 Nc6 3.d4 cxd4 4.Nxd4 g6 5.Be3 Nf6 6.Nc3 d6 7.Bb5 Bd7 8.Qd2 
Bg7 9.h3 O-O 10.h4 h5 11.Bc4 Rc8 12.Bb3 Na5 13.Bh6 Nxb3 14.Nxb3 Rxc3 15.
bxc3 Nxe4 16.Qe3 Bxc3+ 17.Kd1 Nxf2+ 18.Qxf2 Bg4+ 19.Kc1 Bxa1 20.Bxf8 Kxf8 
21.Nxa1 Qa5 22.Rf1 Qa3+ 23.Kb1 Be6 24.Nb3 a5 25.Qe2 Kg7 26.Qb5 a4 27.Nc1 
Qg3 28.Qxb7 Qxh4 29.Nd3 Qc4 30.Qb2+ f6 31.Rf4 Qd5 32.Rxa4 Qxg2 33.Nf4 Qf1+
34.Qc1 Qb5+ 35.Ka1 Qxa4 36.Nxe6+ Kf7 37.Nf4 1/2-1/2

[Event "Williamson"]
[Site "311"]
[Date "2022.02.05"]
[Round "3"]
[White "Andrew Todd"]
[Black "Bobby Thompson"]
[Result "1-0"]
[WhiteElo "1459"]
[BlackElo "1483"]
[EventDate "2022.02.05"]

1.d4 Nf6 2.Nf3 e6 3.Bf4 d5 4.e3 Bd6 5.Bg3 Nbd7 6.Bd3 O-O 7.Nbd2 Qe7 8.Ne5 
c5 9.c3 c4 10.Bc2 Bxe5 11.dxe5 Ne8 12.e4 f6 13.Nf3 fxe5 14.exd5 Ndf6 15.
dxe6 Bxe6 16.Qe2 Bd5 17.Bxe5 Nd6 18.Bxd6 Qxd6 19.O-O-O Rae8 20.Qxc4 Rc8 
21.Qa4 Qc5 22.Bb3 b5 23.Bxd5+ Nxd5 24.Qd4 Qxd4 25.Rxd4 Nf4 26.Rd7 b4 27.
Kc2 a5 28.Re1 Ng6 29.Ra7 bxc3 30.bxc3 Rc4 31.Re3 Rfc8 32.Nd4 Nf4 33.g3 Nd5
34.Rf3 Rxc3+ 35.Rxc3 Nxc3 36.Rxa5 Nxa2+ 37.Kd2 Nc3 38.Ra7 Ne4+ 39.Ke3 Nf6 
40.Nf5 Re8+ 41.Kf3 g6 42.Nh6+ Kh8 43.Ng4 Nh5 44.Rf7 Re6 45.h3 Rc6 46.Ne5 
Rf6+ 47.Rxf6 Nxf6 48.Ng4 Nh5 49.Ke4 Kg7 50.Ke5 Kf7 51.h4 Ng7 52.Nh6+ Ke7 
53.g4 Ne8 54.g5 Ng7 55.Ng8+ Kf8 56.Nf6 Nf5 57.h5 Kg7 58.h6+ Nxh6 59.gxh6+ 
Kxh6 60.f4 Kg7 61.Ke6 h6 62.Ke7 g5 63.f5 1-0

[Event "Williamson"]
[Site "312"]
[Date "2022.02.05"]
[Round "3"]
[White "Adrian Dornford Smith"]
[Black "Peter Smyth"]
[Result "1-0"]
[WhiteElo "1248"]
[BlackElo "1200"]
[EventDate "2022.02.05"]

1.e4 e6 2.d4 d5 3.exd5 exd5 4.Nf3 Nf6 5.Bg5 Bd6 6.Bd3 O-O 7.O-O Bg4 8.Nbd2
h6 9.Be3 Nbd7 10.c3 Re8 11.Qc2 Ne4 12.Rab1 Ndf6 13.Rfe1 Nxd2 14.Nxd2 Qd7 
15.Qb3 c6 16.c4 Rab8 17.cxd5 Nxd5 18.Bc4 Be6 19.Qc2 Bf5 20.Bd3 Bxd3 21.
Qxd3 Re6 22.a3 Rbe8 23.Nf3 Nxe3 24.fxe3 Qe7 25.Kf2 Rf6 26.Ke2 Qc7 27.g3 c5
28.Rbc1 Qb6 29.Rc2 Qc6 30.Nh4 c4 31.Rxc4 Qb6 32.b4 a5 33.Rb1 a4 34.Rbc1 
Qd8 35.e4 Rfe6 36.d5 Re5 37.Nf3 Rh5 38.Kf2 b5 39.Rc6 Qb8 40.Kg2 g5 41.Qc2 
g4 42.Nh4 Rhe5 43.Rc8 Rxc8 44.Qxc8+ Kh7 45.Qxb8 Bxb8 46.Re1 h5 47.Kf1 Ba7 
48.Re2 Kh6 49.Ke1 Kg5 50.Kd2 Bd4 51.Kd3 Bg1 52.d6 Re8 53.e5 Bxh2 54.d7 Rd8
55.Rxh2 Rxd7+ 56.Ke4 Rd1 57.Rc2 Rg1 58.Rc3 Rxg3 59.Rxg3 Kxh4 60.Kf4 f5 61.
Rg1 Kh3 62.e6 Kh2 63.Rd1 g3 64.e7 g2 65.e8=Q 1-0

[Event "Williamson"]
[Site "313"]
[Date "2022.02.05"]
[Round "3"]
[White "David Seaby"]
[Black "Sett Podean"]
[Result "0-1"]
[WhiteElo "1093"]
[BlackElo "1248"]
[EventDate "2022.02.05"]

1.d4 d5 2.e3 Nf6 3.f4 Bf5 4.Bd3 Bg6 5.Bxg6 hxg6 6.Nf3 e6 7.Ne5 Ne4 8.Qf3 
c5 9.c3 Nc6 10.Nxc6 bxc6 11.Nd2 Qh4+ 12.Ke2 Ng3+ 13.Qxg3 Qxg3 14.hxg3 Rxh1
15.Nf1 cxd4 16.exd4 Bd6 17.Be3 Rb8 18.b4 a5 19.a3 a4 20.Rc1 f6 21.Kf2 Kd7 
22.g4 e5 23.g3 exd4 24.Bxd4 Rbh8 25.Kg2 R8h2+ 26.Kf3 Ra2 27.Be3 Rxa3 28.
Kg2 Rh8 29.Rc2 Re8 30.Kf2 Bc7 31.Bc5 Ra1 32.Be3 a3 33.Nd2 a2 34.Nb3 Rb1 
35.Rxa2 Rxb3 36.Bd4 Rh8 37.Kg2 Re8 38.Kf2 Re4 39.Ra7 Kc8 40.Ra8+ Kb7 41.
Rg8 Rxd4 42.cxd4 Rxb4 43.Rxg7 Rxd4 44.Rxg6 c5 45.Rxf6 c4 46.Re6 Re4 47.Rh6
c3 48.Rh1 d4 49.Kf3 Re3+ 50.Kf2 Bb6 51.g5 d3 52.Rc1 c2 53.g6 d2 54.Rxc2 
d1=Q 55.Rb2 Rf3+ 56.Kg2 Qg1+ 0-1

[Event "Williamson"]
[Site "314"]
[Date "2022.02.05"]
[Round "3"]
[White "Kyle Milligan"]
[Black "Chris Armstrong"]
[Result "0-1"]
[WhiteElo "1347"]
[BlackElo "1507"]
[EventDate "2022.02.05"]

1.e4 e6 2.d4 d5 3.exd5 exd5 4.Bd3 Nc6 5.c3 Bd6 6.Nf3 Bg4 7.O-O Qd7 8.Re1+ 
Nge7 9.Nbd2 O-O-O 10.b4 Rde8 11.Nb3 Ng6 12.Be3 Nf4 13.Bf1 Qf5 14.b5 Nh3+ 
15.gxh3 Bxf3 16.Qd3 Be4 17.Qe2 h5 18.Bg2 Bxg2 19.Kxg2 Nd8 20.Nc5 Bxc5 21.
dxc5 Ne6 22.Qf3 Qxf3+ 23.Kxf3 f6 24.Rg1 g5 25.Rge1 f5 26.a4 f4 27.Bd4 
Nxd4+ 28.cxd4 Kd7 29.h4 gxh4 30.Kxf4 Rhf8+ 31.Kg5 Rxf2 32.Kxh4 Rxh2+ 33.
Kg3 Rhe2 34.Rh1 Rh8 35.Kf3 Re4 36.Rad1 h4 37.Rh3 Rf8+ 38.Kg2 Rff4 39.Rhd3 
Ke6 40.Kh3 Kf6 41.a5 b6 42.a6 Kf5 43.R1d2 Re1 44.Rd1 Rxd1 45.Rxd1 Ke4 46.
c6 Ke3 47.Re1+ Kxd4 48.Re7 Kc5 49.Rxc7 Kxb5 50.Rxa7 Kxc6 51.Ra8 Ra4 52.
Rc8+ Kd7 53.Ra8 Kc6 54.Rc8+ Kd7 55.Ra8 d4 0-1

[Event "Williamson"]
[Site "315"]
[Date "2022.02.05"]
[Round "3"]
[White "Daniel Cochrane"]
[Black "Amole Mohan Thoke"]
[Result "0-1"]
[WhiteElo "1169"]
[BlackElo "1143"]
[EventDate "2022.02.05"]

1.c4 c5 2.Nc3 Nc6 3.g3 d6 4.Bg2 Bd7 5.e3 e5 6.Nge2 Nf6 7.O-O g6 8.Rb1 Bg7 
9.a3 a5 10.Bxc6 Bxc6 11.b4 b6 12.bxc5 bxc5 13.f3 O-O 14.e4 Qd7 15.Kh1 Nh5 
16.Ng1 Rab8 17.Qc2 Qe6 18.Nd5 Qd7 19.Nc3 Bb7 20.d3 Nf6 21.Bg5 Bc6 22.Qd2 
Rb7 23.Rxb7 Qxb7 24.Rb1 Qc8 25.Bh6 Qc7 26.Bxg7 Kxg7 27.Nb5 Qd7 28.Qxa5 Ra8
29.Qc3 Nh5 30.Qb3 Rb8 31.a4 f5 32.a5 Bb7 33.Nc3 Nf6 34.a6 fxe4 35.axb7 
exf3 36.Nxf3 Qc6 37.Nd5 Ng4 38.Qa2 Rxb7 39.Rxb7+ Qxb7 40.Kg1 Qf7 41.Kg2 
Qf5 42.Qa7+ Kh6 43.h3 Nf6 44.Nxf6 Qxf6 45.Qd7 e4 46.dxe4 Qb2+ 47.Kf1 Qa1+ 
48.Ne1 Qf6+ 49.Kg1 Qd4+ 50.Kg2 Qxe4+ 51.Kf2 Qd4+ 52.Kg2 0-1

[Event "Williamson"]
[Site "316"]
[Date "2022.02.05"]
[Round "3"]
[White "Lorcan Rippon"]
[Black "Joe Gunning"]
[Result "0-1"]
[WhiteElo "1100"]
[BlackElo "1219"]
[EventDate "2022.02.05"]

1.e4 e6 2.Nf3 b6 3.g3 Bb7 4.Nc3 Bb4 5.d3 Ne7 6.Bf4 d5 7.exd5 Nxd5 8.a3 
Nxc3 9.bxc3 Bxc3+ 10.Bd2 Bxa1 11.Qxa1 Bxf3 12.Qxg7 Rf8 13.Bh6 Nd7 14.d4 
Bxh1 15.Bb5 c6 16.Bxc6 Bxc6 17.Qxh7 Qf6 18.Bxf8 Nxf8 19.Qh3 Qxd4 20.Qh5 
Qc3+ 21.Kd1 Bf3+ 22.Qxf3 Qxf3+ 23.Kc1 Qxa3+ 24.Kd1 Rd8+ 25.Ke2 Qc1 26.Kf3 
Ng6 27.Kg2 Qxc2 28.Kh3 Qxf2 29.g4 Ke7 30.g5 Rh8+ 31.Kg4 Qf4# 0-1

[Event "Williamson"]
[Site "401"]
[Date "2022.02.06"]
[Round "4"]
[White "Gareth Annesley"]
[Black "Danny Roberts"]
[Result "0-1"]
[WhiteElo "1934"]
[BlackElo "1974"]
[EventDate "2022.02.06"]

1.e4 c5 2.Nf3 Nc6 3.d4 cxd4 4.Nxd4 Nf6 5.Nc3 e5 6.Ndb5 d6 7.Nd5 Nxd5 8.
exd5 Ne7 9.c4 Ng6 10.Qa4 Bd7 11.Qb4 Bxb5 12.Qxb5+ Qd7 13.Qb3 Be7 14.g3 O-O
15.Be3 b6 16.O-O-O f5 17.f4 Rae8 18.h4 exf4 19.gxf4 Bxh4 20.Bd4 Re4 21.Qh3
Rxf4 22.Bc3 Qe7 23.Bd3 Ne5 24.Bc2 g5 25.Qe3 Rf3 26.Qe2 Rf2 27.Qe3 f4 28.
Qd4 f3 29.Be1 Rxc2+ 30.Kxc2 Bxe1 31.Rdxe1 Qf6 32.b4 Qf4 33.Re4 Qg3 34.Rg1 
Qh2+ 35.Kb3 Rf5 36.Rh4 Qe2 37.Re4 Qd3+ 38.Qxd3 Nxd3 39.Kc3 Ne5 40.Kd2 f2 
41.Rf1 g4 42.c5 bxc5 43.bxc5 g3 44.Re3 Nc4+ 0-1

[Event "Williamson"]
[Site "402"]
[Date "2022.02.06"]
[Round "4"]
[White "Dean Gorman"]
[Black "Mandar Tahmankar"]
[Result "0-1"]
[WhiteElo "1800"]
[BlackElo "2099"]
[EventDate "2022.02.06"]

1.e4 c5 2.c3 g6 3.d4 cxd4 4.cxd4 Bg7 5.Be3 Nf6 6.Nc3 d6 7.h3 O-O 8.Nf3 a6 
9.Bd3 b5 10.Ne2 Bb7 11.Ng3 d5 12.e5 Ne4 13.Ng5 Nxg5 14.Bxg5 f6 15.exf6 
exf6 16.Be3 f5 17.Qd2 Nc6 18.Ne2 Qb6 19.Bc2 Rae8 20.O-O-O Rc8 21.Kb1 b4 
22.g4 Ne7 23.f3 a5 24.h4 Ba6 25.Ng3 fxg4 26.Bh6 Rxc2 27.Kxc2 Qc7+ 28.Kb1 
Qxg3 29.Bxg7 Kxg7 30.Qg5 Rf7 31.fxg4 Qf4 32.Rhe1 Qxg5 33.hxg5 Bc8 34.Rc1 
Bxg4 35.Rc7 Nf5 36.Rec1 Nxd4 37.Rxf7+ Kxf7 38.Rc7+ Ke6 39.Rxh7 Kf5 40.Ra7 
Kxg5 41.Rxa5 Bf5+ 42.Kc1 Be4 43.Kd2 Kf4 44.Ra4 Nc6 45.a3 bxa3 46.b4 Nxb4 
47.Rxb4 g5 48.Ke2 g4 49.Ra4 g3 50.Rxa3 d4 51.Ra7 d3+ 52.Kd2 g2 53.Rg7 Kf3 
54.Rg8 Kf2 55.Rf8+ Bf3 56.Rg8 Be2 57.Rf8+ Kg3 0-1

[Event "Williamson"]
[Site "403"]
[Date "2022.02.06"]
[Round "4"]
[White "Michael Sheerin"]
[Black "Cathan Gormley"]
[Result "1/2-1/2"]
[WhiteElo "1683"]
[BlackElo "1600"]
[EventDate "2022.02.06"]

1.d4 d5 2.c4 e6 3.Nc3 c6 4.e4 dxe4 5.Nxe4 Bb4+ 6.Bd2 Qxd4 7.Bxb4 Qxe4+ 8.
Be2 Na6 9.Bc3 Nf6 10.Nf3 Bd7 11.Qd6 Rd8 12.Rd1 c5 13.Kf1 Qc6 14.Qg3 Kf8 
15.Ne5 Qc7 16.Nxd7+ Rxd7 17.Rxd7 Qxg3 18.Rxf7+ Kxf7 19.hxg3 h6 20.Bf3 b6 
21.Ke2 Rd8 22.Rd1 Rxd1 23.Kxd1 Nb8 24.a3 Nbd7 25.b4 Ne8 26.Bc6 Ke7 27.Kc2 
Ndf6 28.f3 Nd6 29.Kb3 Nf5 30.Be5 Nd4+ 31.Bxd4 cxd4 32.g4 Kd6 33.Ba4 e5 34.
Kc2 e4 35.fxe4 Nxe4 36.Kd3 Ke5 37.Bd7 Nf2+ 38.Ke2 Ne4 39.Kd3 Nf6 40.Bc8 h5
41.gxh5 Nxh5 42.g4 Nf4+ 43.Kd2 g6 44.a4 Ng2 45.Kd3 Ne3 46.Bd7 Nd1 47.c5 
Nb2+ 48.Kc2 Nc4 49.cxb6 Nxb6 50.Be8 g5 51.Kd3 Nd5 52.b5 Nf6 53.Bh5 Kd5 54.
a5 Kc5 55.b6 axb6 56.axb6 Nd7 57.b7 Kd5 58.Bf7+ Kc6 59.Kxd4 Kxb7 60.Ke4 
Nf6+ 61.Kf5 1/2-1/2

[Event "Williamson"]
[Site "404"]
[Date "2022.02.06"]
[Round "4"]
[White "James McDonnell"]
[Black "Robert Lavery"]
[Result "1/2-1/2"]
[WhiteElo "1759"]
[BlackElo "1685"]
[EventDate "2022.02.06"]

1.e4 e5 2.Nf3 Nc6 3.Bb5 a6 4.Ba4 Nf6 5.d3 d6 6.c3 g6 7.O-O Bg7 8.Re1 O-O 
9.Nbd2 Bg4 10.h3 Bh5 11.Nf1 Qd7 12.Ng3 b5 13.Bc2 Nd8 14.Bg5 Bxf3 15.Qxf3 
Ne8 16.Rad1 Ne6 17.Bc1 c5 18.Bb3 N8c7 19.Qg4 Rfd8 20.Ne2 Qe8 21.f4 exf4 
22.Nxf4 Nxf4 23.Bxf4 Ne6 24.Be3 Qe7 25.Rf1 Rf8 26.Rf2 a5 27.Bd5 Rab8 28.
Rdf1 h5 29.Qe2 Nd8 30.Qd2 Kh7 31.Bg5 f6 32.Be3 Ne6 33.g4 Ng5 34.Bxg5 fxg5 
35.gxh5 gxh5 36.Rf5 Rxf5 37.Rxf5 Rf8 38.Qxg5 Qxg5+ 39.Rxg5 Kh6 40.Rf5 Rxf5
41.exf5 Kg5 42.Be6 b4 43.cxb4 cxb4 44.b3 Kf4 45.Kf2 Bd4+ 46.Kg2 h4 47.Bd7 
Ke3 48.Bb5 Kf4 1/2-1/2

[Event "Williamson"]
[Site "405"]
[Date "2022.02.06"]
[Round "4"]
[White "Chris Kelly"]
[Black "Conor Spackman"]
[Result "0-1"]
[WhiteElo "1736"]
[BlackElo "1664"]
[EventDate "2022.02.06"]

1.d4 d5 2.c4 e6 3.Nc3 Nf6 4.cxd5 exd5 5.Bg5 Be7 6.e3 O-O 7.Bd3 Nbd7 8.Nge2
h6 9.Bh4 b6 10.O-O Bb7 11.Qc2 Re8 12.f3 c5 13.b3 Rc8 14.Qd2 cxd4 15.Nxd4 
Bb4 16.Rac1 Qe7 17.Bf2 Qc5 18.Nde2 Qa5 19.Rc2 g6 20.Qc1 Ne5 21.Rd1 Kg7 22.
a4 Nxd3 23.Rxd3 Ba6 24.Rd1 Rc6 25.Qb2 Rec8 26.Rdc1 Bd3 0-1

[Event "Williamson"]
[Site "408"]
[Date "2022.02.06"]
[Round "4"]
[White "Tiarnan O'Muilleoir"]
[Black "Matthew Smyth"]
[Result "0-1"]
[WhiteElo "1400"]
[BlackElo "1400"]
[EventDate "2022.02.06"]

1.e4 c5 2.Nf3 e6 3.d4 cxd4 4.Nxd4 a6 5.Bd3 Qc7 6.O-O Nf6 7.c4 d6 8.Nc3 
Nbd7 9.f4 Be7 10.Be3 b6 11.Qf3 Bb7 12.Rac1 Nc5 13.Bb1 Rc8 14.b4 Ncd7 15.
Qg3 Qb8 16.Qxg7 Rg8 17.Qh6 Qa8 18.Qh3 Rxc4 19.Nxe6 Nxe4 20.Nxe4 Bxe4 21.
Bxe4 Qxe4 22.Rxc4 Qxc4 23.Qxh7 Nf6 24.Ng7+ Kf8 25.Qh6 Rxg7 0-1

[Event "Williamson"]
[Site "409"]
[Date "2022.02.06"]
[Round "4"]
[White "Liam Ferris"]
[Black "Ethan Cole"]
[Result "0-1"]
[WhiteElo "1433"]
[BlackElo "1233"]
[EventDate "2022.02.06"]

1.d4 e6 2.e4 d5 3.Nd2 c5 4.dxc5 Bxc5 5.Nb3 Bb6 6.exd5 exd5 7.Bb5+ Nc6 8.
Qe2+ Ne7 9.Bg5 f6 10.Be3 O-O 11.O-O-O Bxe3+ 12.Qxe3 Nf5 13.Qc5 Nfe7 14.Ne2
Qc7 15.h4 Be6 16.Nbd4 Bf7 17.g4 Rac8 18.Kb1 Qe5 19.f4 Nxd4 20.Qxd4 Qc7 21.
Bd3 Nc6 22.Qa4 Be8 23.Qb3 Bf7 24.Qa4 Be8 25.Qb3 Bf7 26.Qc3 d4 27.Qd2 a5 
28.g5 Nb4 29.a3 Nxd3 30.Qxd3 fxg5 31.hxg5 Bg6 32.Qb3+ Kh8 33.Rd2 Qc6 34.
Rhd1 a4 35.Qh3 Bxc2+ 36.Ka1 Bxd1 37.Rxd1 Qe4 38.Rh1 Qg6 39.Nxd4 h6 40.gxh6
gxh6 41.f5 Qf6 42.Ne6 Rf7 43.Qxh6+ Qxh6 44.Rxh6+ Rh7 45.Rxh7+ Kxh7 46.Ka2 
b5 47.Nd4 Rc5 48.f6 Kg6 49.Ne6 Rc8 50.Nd4 Rb8 51.Nc6 Re8 52.Nd4 Re5 53.Nc6
Rh5 54.Nb4 Kxf6 55.Nc6 Rd5 56.Nb4 Rh5 57.Nc6 Ke6 58.Nd4+ Kd6 59.Nc2 Rh2 
60.Nb4 Rd2 61.Kb1 Kc5 62.Kc1 Rh2 63.Kb1 Kc4 64.Ka2 Rg2 65.Nc6 Rh2 66.Nb4 
Rh3 67.Na6 Rb3 68.Kb1 Kd4 69.Kc2 Kc4 70.Kb1 Rh3 71.Ka2 Kd3 72.Nc7 Rh5 73.
Kb1 Rc5 74.Na6 Rc4 75.Nb4+ Rxb4 76.axb4 Kc4 77.Ka2 Kxb4 78.Ka1 Kb3 79.Kb1 
a3 80.bxa3 Kxa3 81.Ka1 Kb3 82.Kb1 b4 83.Ka1 Kc2 84.Ka2 b3+ 0-1

[Event "Williamson"]
[Site "410"]
[Date "2022.02.06"]
[Round "4"]
[White "Cathal Murphy"]
[Black "Andrew Todd"]
[Result "0-1"]
[WhiteElo "1551"]
[BlackElo "1459"]
[EventDate "2022.02.06"]

1.e4 d6 2.f4 Nf6 3.Nc3 Nc6 4.Nf3 Bg4 5.Bb5 a6 6.Bxc6+ bxc6 7.O-O d5 8.e5 
Ne4 9.d4 e6 10.a3 Nxc3 11.bxc3 c5 12.Qe1 c4 13.Qg3 Bf5 14.Nh4 Bxc2 15.f5 
g6 16.fxe6 fxe6 17.Rf6 Be7 18.Rxe6 Qd7 19.Rxe7+ Qxe7 20.Bg5 Qe6 21.Rf1 Rf8
22.Bf6 Bd3 23.Re1 Rb8 24.Nf3 Rb1 25.Rxb1 Bxb1 26.Qh4 Qd7 27.Qh6 Be4 28.Ng5
Qg4 29.Nxe4 Qxe4 30.h3 Rf7 31.Bg7 Qe1+ 32.Kh2 Rf1 33.g4 0-1

[Event "Williamson"]
[Site "411"]
[Date "2022.02.06"]
[Round "4"]
[White "Bobby Thompson"]
[Black "Adrian Dornford Smith"]
[Result "1-0"]
[WhiteElo "1483"]
[BlackElo "1248"]
[EventDate "2022.02.06"]

1.d4 d5 2.c4 c6 3.cxd5 cxd5 4.Nc3 e6 5.Bf4 a6 6.e3 Nf6 7.Bd3 Nc6 8.Rc1 Nb4
9.Bb1 Bd7 10.a3 Nc6 11.Nf3 Na5 12.O-O Nc4 13.Qe2 Bb5 14.Nxb5 axb5 15.Qd3 
Qa5 16.Qb3 Ne4 17.Rfd1 Qa4 18.Qxa4 bxa4 19.Bxe4 dxe4 20.Ne5 Nxe5 21.Bxe5 
f6 22.Bg3 Be7 23.Rc7 Kf7 24.Bd6 Rhe8 25.Rdc1 Kf8 26.Bxe7+ Rxe7 27.Rxe7 
Kxe7 28.Rc7+ Kf8 29.Rxb7 Rc8 30.g3 Rc2 31.Rb4 Kf7 32.Rxa4 Rxb2 33.Rb4 Ra2 
34.a4 Kg6 35.Kg2 Kg5 36.Rb5+ f5 37.a5 h5 38.h4+ Kf6 39.Kf1 g5 40.d5 exd5 
41.Rxd5 g4 42.Rb5 Ke6 43.Rb6+ Kd7 44.a6 Kc7 45.Rh6 Kb8 46.Rxh5 Ra5 47.Rh6 
Ka7 48.Rf6 Rc5 49.h5 f4 50.Rxf4 Rxh5 51.Rxg4 Re5 52.Rg6 Ra5 53.g4 Ra2 54.
Kg2 Rb2 55.Kg3 Rc2 56.Re6 Rc8 57.g5 Rg8 58.Kg4 Rf8 59.Rf6 Re8 60.Kf5 Kb8 
61.Rf7 Ka8 62.Kf6 Rg8 63.g6 Rc8 64.g7 Rc6+ 65.Ke5 1-0

[Event "Williamson"]
[Site "412"]
[Date "2022.02.06"]
[Round "4"]
[White "Amole Mohan Thoke"]
[Black "Shane Keers"]
[Result "0-1"]
[WhiteElo "1143"]
[BlackElo "1261"]
[EventDate "2022.02.06"]

1.d4 e6 2.Nf3 d5 3.c4 Nf6 4.Nc3 c5 5.e3 Nc6 6.cxd5 Nxd5 7.Nxd5 Qxd5 8.Bd3 
cxd4 9.e4 Bb4+ 10.Bd2 Qd6 11.O-O e5 12.a3 Bxd2 13.Qxd2 O-O 14.Rac1 Bd7 15.
Bc4 Qg6 16.Qd3 Kh8 17.Bb5 Rae8 18.Rc5 f6 19.Rd5 Re7 20.Rc1 Rc8 21.Rd6 Qe8 
22.Ba4 Nb4 23.Rxc8 Qxc8 24.Bxd7 Rxd7 25.axb4 Qc1+ 26.Qf1 Qxf1+ 27.Kxf1 
Rxd6 28.Ke1 Rb6 29.Kd2 Rxb4 30.b3 Rxb3 31.Kd1 0-1

[Event "Williamson"]
[Site "413"]
[Date "2022.02.06"]
[Round "4"]
[White "Peter Smyth"]
[Black "Chris Armstrong"]
[Result "0-1"]
[WhiteElo "1200"]
[BlackElo "1507"]
[EventDate "2022.02.06"]

1.e4 e6 2.d4 d5 3.exd5 exd5 4.Nf3 Nc6 5.Bb5 Bd6 6.O-O Ne7 7.Bg5 f6 8.Bd2 
Bg4 9.Be2 Bxf3 10.Bxf3 Nxd4 11.Nc3 Nxf3+ 12.Qxf3 c6 13.Qh5+ g6 14.Qf3 O-O 
15.Ne2 Qd7 16.Ng3 Rae8 17.Rfe1 Bxg3 18.Qxg3 Nf5 19.Qc3 Kf7 20.Qh3 Rxe1+ 
21.Rxe1 Kg8 22.b4 Re8 23.Qc3 Rxe1+ 24.Bxe1 Qe7 25.Kf1 Kf7 26.Qd3 Qe4 27.
Qxe4 dxe4 28.c3 Ke6 29.g3 Kd5 30.Ke2 Kc4 31.Bd2 h5 32.h3 b5 33.g4 hxg4 34.
hxg4 Nd6 35.Bf4 Nf7 36.Kd2 Ne5 37.Bxe5 fxe5 38.g5 a6 39.Kc2 Kd5 40.Kb3 e3 
41.fxe3 Ke4 42.c4 Kxe3 43.cxb5 cxb5 44.Kc3 0-1

[Event "Williamson"]
[Site "414"]
[Date "2022.02.06"]
[Round "4"]
[White "Joe Gunning"]
[Black "David Seaby"]
[Result "1-0"]
[WhiteElo "1219"]
[BlackElo "1093"]

1.c4 e5 2.Nc3 Nf6 3.d3 Bb4 4.Bd2 Nc6 5.a3 Bc5 6.b4 Bd4 7.Nf3 Bxc3 8.Bxc3 
d6 9.b5 Ne7 10.g3 b6 11.e4 Ng6 12.Be2 h6 13.Qc2 Bh3 14.d4 Bg2 15.Rg1 Bxf3 
16.Bxf3 Qe7 17.O-O-O O-O-O 18.Qb2 Kb8 19.a4 Qe6 20.d5 Qe7 21.Rge1 Kb7 22.
Kc2 Nf8 23.Ra1 N8d7 24.Qa2 Nc5 25.a5 Ra8 26.Bb4 g6 27.Re3 h5 28.Ra3 Nfd7 
29.axb6 Nxb6 30.Rxa7+ Kc8 31.Bxc5 dxc5 32.Rxa8+ Nxa8 33.Qxa8+ Kd7 34.Qc6+ 
1-0

[Event "Williamson"]
[Site "415"]
[Date "2022.02.06"]
[Round "4"]
[White "Kyle Milligan"]
[Black "Lorcan Rippon"]
[Result "1-0"]
[WhiteElo "1347"]
[BlackElo "1100"]
[EventDate "2022.02.06"]

1.e4 e5 2.Nf3 Nc6 3.Bc4 Nf6 4.d3 Bc5 5.O-O b6 6.Re1 Ng4 7.Bxf7+ Kxf7 8.
Ng5+ Ke8 9.Qxg4 h6 10.Qh5+ Ke7 11.Qf7+ Kd6 12.Nc3 Rf8 13.Nb5# 1-0

[Event "Williamson"]
[Site "501"]
[Date "2022.02.06"]
[Round "5"]
[White "Danny Roberts"]
[Black "Mandar Tahmankar"]
[Result "0-1"]
[WhiteElo "1974"]
[BlackElo "2099"]
[EventDate "2022.02.06"]

1.Nf3 d5 2.g3 g6 3.Bg2 Bg7 4.O-O e5 5.d3 Ne7 6.c4 c6 7.Nbd2 O-O 8.Rb1 a5 
9.a3 a4 10.b4 axb3 11.Qxb3 Nd7 12.cxd5 cxd5 13.Bb2 Ra6 14.e4 d4 15.Rfc1 
Nb6 16.Nc4 Be6 17.Nfd2 Bh6 18.Rc2 Bxd2 19.Rxd2 Nxc4 20.dxc4 Qc7 21.Bf1 Rc6
22.Ba1 Rb8 23.Rc2 Nc8 24.Qb4 Rc5 25.a4 Nd6 26.Bd3 Qc6 27.Qb6 Ra8 28.Rb4 
Rc8 29.f4 f6 30.fxe5 fxe5 31.Bb2 Bxc4 32.Bxc4+ Rxc4 33.Rcxc4 Nxc4 34.Qxb7 
Qxb7 35.Rxb7 d3 36.Bc3 Nd6 37.Rd7 Nxe4 38.Bxe5 Rc1+ 39.Kg2 d2 40.Kf3 Re1 
41.h4 Nc5 42.Rd8+ Kf7 43.Rxd2 Rxe5 44.a5 Re7 45.Rd6 Ra7 46.Rc6 Rxa5 47.
Rc7+ Kg8 48.Rc8+ Kg7 49.Rc7+ Kf6 50.Rxh7 Ra3+ 51.Kg4 Ne4 52.h5 Nf2+ 53.Kf4
g5# 0-1

[Event "Williamson"]
[Site "502"]
[Date "2022.02.06"]
[Round "5"]
[White "Cathan Gormley"]
[Black "Gareth Annesley"]
[Result "1-0"]
[WhiteElo "1600"]
[BlackElo "1934"]
[EventDate "2022.02.06"]

1.d4 d5 2.Nc3 Nf6 3.Bf4 e6 4.Nb5 Na6 5.e3 c6 6.Nc3 Nc7 7.a3 Bd6 8.Qd2 Qe7 
9.Bxd6 Qxd6 10.Nf3 Nd7 11.e4 e5 12.exd5 cxd5 13.dxe5 Nxe5 14.O-O-O Nxf3 
15.gxf3 Be6 16.Nb5 Nxb5 17.Bxb5+ Kf8 18.Bc4 Rd8 19.Rhg1 f6 20.Rg3 Kf7 21.
f4 g6 22.f5 Bxf5 23.Bxd5+ Kg7 24.Qb4 Qxb4 25.axb4 Rd7 26.Ra3 a6 27.Re3 
Rhd8 28.c4 b5 29.b3 Rc7 30.Rc3 g5 31.Bg2 Rxd1+ 32.Kxd1 Be6 33.c5 f5 34.Rd3
Kf7 35.Kd2 f4 36.Bd5 Re7 37.Bf3 Kf6 38.Rd6 Ke5 39.Rxa6 Bxb3 40.Be2 Rd7+ 
41.Kc3 Ba4 42.Bg4 Rd8 43.Rh6 Bd1 44.Bxd1 Rxd1 45.Rxh7 Rf1 46.Re7+ Kd5 47.
Re2 g4 48.Rd2+ Kc6 49.Kd4 Rb1 50.Kc3 Rc1+ 51.Rc2 Rh1 52.f3 gxf3 53.Rf2 Ra1
54.Kb2 Rh1 55.Kc3 Kd5 56.Rxf3 Ke4 57.Rd3 f3 58.Rd4+ Ke3 59.Rd3+ Kf2 60.
Rd2+ Kg1 61.Kd4 f2 62.Rxf2 Kxf2 63.c6 Rxh2 64.Kc5 Rh5+ 65.Kb6 Ke3 66.c7 
Rh8 67.Kxb5 Kd4 68.Kc6 Rh6+ 69.Kb7 Rh7 70.b5 Kc5 71.b6 Rg7 72.Ka6 1-0

[Event "Williamson"]
[Site "503"]
[Date "2022.02.06"]
[Round "5"]
[White "Conor Spackman"]
[Black "David Hill"]
[Result "0-1"]
[WhiteElo "1664"]
[BlackElo "1599"]
[EventDate "2022.02.06"]

1.e4 c5 2.Nc3 Nc6 3.g3 e6 4.Bg2 Nf6 5.Nge2 d5 6.exd5 exd5 7.d4 cxd4 8.Nxd4
Bb4 9.O-O Bxc3 10.bxc3 O-O 11.Bg5 h6 12.Bxf6 Qxf6 13.Qd2 Nxd4 14.cxd4 Rd8 
15.Rfe1 Be6 16.Re5 Rac8 17.c3 Rc7 18.Rae1 Qg6 19.f4 Rdc8 20.R1e3 Qb1+ 21.
Kf2 g6 22.Bxd5 Bxd5 23.Rxd5 Qh1 24.Rde5 Qxh2+ 25.Ke1 Qg1+ 26.Ke2 Qg2+ 27.
Kd1 Qf1+ 28.Kc2 Qa1 29.Ra5 a6 30.Ra3 Qh1 31.Ra5 Qa1 32.Ra3 Qh1 33.Rb3 Qd5 
34.Re5 Qf3 35.Re3 Qd5 36.Kb2 b5 37.Re5 Qf3 38.c4 Qf1 39.c5 Rd8 40.Rd3 f6 
41.Re1 Qh3 42.Rc1 Rdc8 43.Rdc3 b4 44.Re3 a5 45.Qd3 Kg7 46.Rce1 Qg2+ 47.
R1e2 Qd5 48.Re7+ Rxe7 49.Rxe7+ Kf8 50.Qe3 Qg2+ 51.Ka1 Qf1+ 52.Qe1 Qd3 53.
Qe3 Qf1+ 54.Kb2 a4 55.Qe2 a3+ 56.Kb3 Qb1+ 57.Ka4 Ra8+ 58.Kb5 b3 59.Qe6 
bxa2+ 60.Kc6 Ra6+ 0-1

[Event "Williamson"]
[Site "504"]
[Date "2022.02.06"]
[Round "5"]
[White "Robert Lavery"]
[Black "Michael Sheerin"]
[Result "0-1"]
[WhiteElo "1685"]
[BlackElo "1683"]
[EventDate "2022.02.06"]

1.e4 e6 2.d4 d5 3.Nc3 Bb4 4.e5 c5 5.a3 Bxc3+ 6.bxc3 Ne7 7.Qg4 cxd4 8.Qxg7 
Rg8 9.Qxh7 Qc7 10.Ne2 Nbc6 11.f4 dxc3 12.Be3 Bd7 13.g3 O-O-O 14.Qd3 Nf5 
15.Bf2 d4 16.Bg2 Nce7 17.O-O Bc6 18.Rfd1 Bxg2 19.Kxg2 Nd5 20.Bxd4 Nde3+ 
21.Kf2 Nxd1+ 22.Rxd1 Rd7 23.Rb1 Rgd8 24.Rb4 Nxd4 25.Nxd4 Kb8 26.Ke3 Qc5 
27.Ke4 Qd5+ 28.Ke3 Qg2 29.Qxc3 Qxh2 30.Qc5 Qxg3+ 31.Ke2 Qg2+ 32.Ke3 Rc8 
0-1